000 00629nam a2200181Ia 4500
008 151018s9999 xx 000 0 und d
082 _bRBASDV20146
_a891.463
100 _aसुमती क्षेत्रमाडे
245 _aसिंधुदुर्ग
250 _b1
260 _bप्रिया प्रकाशन मुंबई
_c1982
300 _a156
600 _aसुमती क्षेत्रमाडे
630 _aसिंधुदुर्ग
700 _aसुमती क्षेत्रमाडे
730 _aसिंधुदुर्ग
942 _cBOOK
999 _c1020773
_d1020770